[Event "World Blitz Women 2023"]
[Site "Samarkand UZB"]
[Date "2023.12.30"]
[Round "13.19"]
[White "Yakubbaeva, Nilufar"]
[Black "Shohradova, Leyla"]
[Result "0-1"]
[WhiteElo "2237"]
[BlackElo "1882"]
[EventDate "2023.12.29"]

1. e4 e6 2. d4 d5 3. Nd2 c5 4. exd5 Qxd5 5. Ngf3 cxd4 6. Bc4 Qd6 7. Nb3 Nc6
8. O-O Nf6 9. Nbxd4 Nxd4 10. Qxd4 Bd7 11. Bf4 Qxd4 12. Nxd4 Bc5 13. Nb3 Bb6
14. a4 a5 15. c3 O-O 16. Rfd1 Rac8 17. Bb5 Bxb5 18. axb5 Ne4 19. Be3 Bxe3
20. fxe3 b6 21. Nd4 Rc5 22. b4 axb4 23. cxb4 Rc4 24. Ra6 e5 25. Nc6 Nc3 26.
Re1 Nxb5 27. Ne7+ Kh8 28. Rxb6 Nc3 29. Rb7 h6 30. b5 Rb4 31. Nc6 Rxb5 32.
Rxb5 Nxb5 33. Nxe5 Re8 34. Nf3 g5 35. h3 Kg7 36. Kf2 Nd6 37. Ra1 Ne4+ 38.
Ke2 Nc3+ 39. Kd3 Nd5 40. Re1 f5 41. Nd4 Nf4+ 42. Kd2 Nxg2 43. Nxf5+ Kg6 44.
Rg1 Kxf5 45. Rxg2 Ra8 46. Rf2+ Ke4 47. Rf6 Ra2+ 48. Kc3 Ra3+ 49. Kc4 Ra4+
50. Kc5 Ra5+ 51. Kc4 Rf5 52. Rxh6 Kxe3 53. h4 g4 54. Rg6 Kf3 55. Rg7 g3 56.
Kd4 g2 57. Rg6 Kf2 58. Ke4 Rf8 59. h5 g1=Q 60. Rxg1 Kxg1 61. Kd4 0-1

[Event "World Blitz Women 2023"]
[Site "Samarkand UZB"]
[Date "2023.12.30"]
[Round "13.20"]
[White "Hamrakulova, Yulduz"]
[Black "Kovanova, Baira"]
[Result "0-1"]
[WhiteElo "1908"]
[BlackElo "2234"]
[EventDate "2023.12.29"]

1. d4 Nf6 2. Nf3 e6 3. g3 b5 4. Bg2 Bb7 5. O-O Be7 6. b3 O-O 7. c4 a6 8.
Nbd2 d6 9. Qc2 Nbd7 10. Bb2 c5 11. e4 cxd4 12. Nxd4 Rc8 13. Rac1 bxc4 14.
bxc4 Nc5 15. N4b3 Qc7 16. Nxc5 Qxc5 17. Qd3 Nd7 18. Ba3 Qc7 19. Rfe1 Rfd8
20. f4 Nc5 21. Qe3 Qa5 22. Bxc5 Qxc5 23. Qxc5 Rxc5 24. Nb3 Rc7 25. Re2 Rdc8
26. Rec2 Bf6 27. Kf1 h5 28. c5 a5 29. e5 Ba6+ 30. Kf2 dxe5 31. Nxa5 0-1

[Event "World Blitz Women 2023"]
[Site "Samarkand UZB"]
[Date "2023.12.30"]
[Round "13.21"]
[White "Balajayeva, Khanim"]
[Black "Allahverdiyeva, Ayan"]
[Result "1-0"]
[WhiteElo "2207"]
[BlackElo "1852"]
[EventDate "2023.12.29"]

1. e4 c5 2. Nf3 d6 3. d4 cxd4 4. Nxd4 Nf6 5. Nc3 a6 6. Be2 e5 7. Nb3 Be7 8.
g4 h6 9. h4 Be6 10. g5 hxg5 11. Bxg5 Nbd7 12. Qd3 g6 13. O-O-O Rc8 14. Kb1
b5 15. Bf1 d5 16. Bh3 Rxc3 17. bxc3 Nxe4 18. Bxe6 fxe6 19. Bxe7 Qxe7 20. f3
Nf2 21. Qxg6+ Kd8 22. h5 Nxd1 23. Rxd1 Nb6 24. Na5 Kd7 25. Rg1 Rh7 26. h6
Na4 27. Qxh7 Qxh7 28. Rg7+ 1-0

[Event "World Blitz Women 2023"]
[Site "Samarkand UZB"]
[Date "2023.12.30"]
[Round "13.22"]
[White "Kaliakhmet, Elnaz"]
[Black "Berend, Elvira"]
[Result "0-1"]
[WhiteElo "1839"]
[BlackElo "2202"]
[EventDate "2023.12.29"]

1. d4 Nf6 2. c4 e6 3. Nf3 Bb4+ 4. Bd2 a5 5. g3 O-O 6. Bg2 d6 7. O-O Bxd2 8.
Qxd2 Nc6 9. Nc3 e5 10. Rfd1 Bg4 11. d5 Ne7 12. Ne1 Qd7 13. Nd3 Bh3 14. e4
Bxg2 15. Kxg2 Nh5 16. Qg5 g6 17. c5 f6 18. Qd2 f5 19. exf5 Qxf5 20. Qe3 Nf6
21. cxd6 cxd6 22. Ne1 Ng4 23. Qf3 Qh5 24. Qe4 Rxf2+ 25. Kg1 Qxh2# 0-1

[Event "World Blitz Women 2023"]
[Site "Samarkand UZB"]
[Date "2023.12.30"]
[Round "13.23"]
[White "Zhunusbekova, Aimonchok"]
[Black "Mamedjarova, Turkan"]
[Result "0-1"]
[WhiteElo "1448"]
[BlackElo "2175"]
[EventDate "2023.12.29"]

1. e4 e5 2. Nc3 Nf6 3. d4 exd4 4. Qxd4 Nc6 5. Qd3 Bc5 6. Qg3 d6 7. Bg5 Be6
8. O-O-O h6 9. Bd2 a6 10. f4 b5 11. f5 Bc4 12. Qxg7 Rg8 13. Qxh6 Qe7 14.
Bxc4 bxc4 15. Nd5 Nxd5 16. exd5 Ne5 17. f6 Qd7 18. Qh7 O-O-O 19. Ne2 Kb7
20. g3 Qg4 21. Nf4 c3 22. Bxc3 Ka8 23. Qe4 Rb8 24. Bxe5 dxe5 25. Qxe5 Rb7
26. Rd3 Rgb8 27. Rb3 Rxb3 28. axb3 Qf3 29. Rd1 Bd6 30. Qd4 Rb5 31. Qa4 Kb7
32. Qc4 Ra5 33. Qc6+ Ka7 34. Kb1 Qxd1# 0-1

[Event "World Blitz Women 2023"]
[Site "Samarkand UZB"]
[Date "2023.12.30"]
[Round "13.24"]
[White "Ovod, Evgenija"]
[Black "Kurmangaliyeva, Liya"]
[Result "1-0"]
[WhiteElo "2151"]
[BlackElo "2077"]
[EventDate "2023.12.29"]

1. d4 d5 2. Bf4 Nf6 3. e3 c5 4. Nf3 Nc6 5. Nbd2 e6 6. c3 Nh5 7. Bg5 Be7 8.
Bxe7 Qxe7 9. Bd3 Bd7 10. O-O f5 11. dxc5 Qxc5 12. c4 Nf6 13. cxd5 Qxd5 14.
Bc4 Qd6 15. Qe2 O-O 16. Rfd1 Qe7 17. Nb3 Rad8 18. Nbd4 Nxd4 19. Rxd4 Bc6
20. Rad1 Rxd4 21. Nxd4 Bd5 22. Nxf5 exf5 23. Bxd5+ Kh8 24. Bb3 Ng4 25. h3
Ne5 26. Qb5 h6 27. Rd5 Re8 28. Ba4 Nc6 29. Rxf5 Qe4 30. Kh2 Re6 31. Rf4 Qb1
32. Qxb7 Ne7 33. Bb3 Qxb2 34. Qa8+ 1-0

[Event "World Blitz Women 2023"]
[Site "Samarkand UZB"]
[Date "2023.12.30"]
[Round "13.25"]
[White "Yakimova, Mariya"]
[Black "Tohirjonova, Hulkar"]
[Result "1-0"]
[WhiteElo "2098"]
[BlackElo "2144"]
[EventDate "2023.12.29"]

1. d4 Nf6 2. c4 e6 3. g3 d5 4. Bg2 Be7 5. Nf3 O-O 6. O-O c5 7. cxd5 exd5 8.
Nc3 Nc6 9. Bg5 c4 10. e3 Be6 11. Ne5 h6 12. Bxf6 Bxf6 13. Nxc6 bxc6 14. b3
cxb3 15. Qxb3 Rb8 16. Qa3 Qd7 17. Na4 Bf5 18. Rfc1 Be7 19. Nc5 Bxc5 20.
Rxc5 Rb6 21. Rac1 Rfb8 22. h4 g5 23. hxg5 hxg5 24. Qa4 Kg7 25. Bf1 Be4 26.
Qd1 Rh8 27. f3 Qd6 28. fxe4 Qxg3+ 29. Bg2 Qxe3+ 30. Kf1 Rh4 31. R5c3 Rf4+
32. Bf3 Rxf3+ 33. Qxf3 Qxd4 34. Rxc6 dxe4 35. Qc3 Qxc3 36. R1xc3 Rb1+ 37.
Kf2 Rb2+ 38. Rc2 Rb4 39. Rc7 a5 40. Ke3 Kg6 41. Rf2 f5 42. Rc6+ Kh5 43.
Rxf5 Kg4 44. Rxa5 Rb2 45. Rcc5 Kh3 46. Rxg5 1-0

[Event "World Blitz Women 2023"]
[Site "Samarkand UZB"]
[Date "2023.12.30"]
[Round "13.26"]
[White "Franco Valencia, Angela"]
[Black "Kairbekova, Amina"]
[Result "1-0"]
[WhiteElo "2048"]
[BlackElo "2131"]
[EventDate "2023.12.29"]

1. e4 c5 2. Nf3 e6 3. d4 cxd4 4. Nxd4 Nf6 5. Nc3 Nc6 6. g3 Bb4 7. Bg2 d6 8.
O-O O-O 9. Nb3 e5 10. Nd5 Nxd5 11. exd5 Ne7 12. a3 Ba5 13. Nxa5 Qxa5 14. c4
Qc7 15. Qe2 f5 16. Bd2 b6 17. b4 Ba6 18. Rfc1 Ng6 19. h4 Rae8 20. h5 Nh8
21. Qd1 Bxc4 22. b5 Rc8 23. Bf1 Qe7 24. Rxc4 Rxc4 25. Bxc4 f4 26. Qg4 Nf7
27. gxf4 Kh8 28. Re1 Qc7 29. Bf1 Qc2 30. Qe2 Qf5 31. Rc1 exf4 32. Qe6 Qg5+
33. Kh1 Qxh5+ 34. Qh3 Qxd5+ 35. Kg1 Qxd2 36. Rc8 Nd8 37. Qh4 Ne6 38. Rxf8+
Nxf8 39. Qd8 h6 40. Qxf8+ Kh7 41. Qf5+ Kh8 42. Bd3 Qe1+ 43. Kg2 f3+ 44.
Kxf3 Qh1+ 45. Ke2 Kg8 46. Qe6+ Kf8 47. Bg6 Qb7 48. Qe8# 1-0

[Event "World Blitz Women 2023"]
[Site "Samarkand UZB"]
[Date "2023.12.30"]
[Round "13.27"]
[White "Zhu, Chen"]
[Black "Altynbek, Aiaru"]
[Result "1-0"]
[WhiteElo "2379"]
[BlackElo "1641"]
[EventDate "2023.12.29"]

1. d4 d5 2. Nf3 Nf6 3. c3 c5 4. Bg5 Nc6 5. e3 Bf5 6. Nbd2 e6 7. Ne5 cxd4 8.
exd4 Be7 9. Bb5 Qc8 10. Qa4 O-O 11. Bxc6 bxc6 12. Qxc6 Qb8 13. Nb3 Rc8 14.
Qa6 Bc2 15. Nc6 Qc7 16. Nxe7+ Qxe7 17. O-O h6 18. Bxf6 Qxf6 19. Nc5 Qg5 20.
Qe2 Bh7 21. Rfe1 Rab8 22. b4 Rb6 23. a4 e5 24. Qxe5 Qxe5 25. Rxe5 f6 26.
Rxd5 Kf7 27. Rd7+ Kf8 28. Rxa7 Rd8 29. a5 Rbd6 30. a6 Bf5 31. h3 g5 32. Rc7
g4 33. hxg4 Bxg4 34. a7 Ra8 35. Rb7 Rdd8 36. b5 h5 37. b6 h4 38. Rh7 Kg8
39. Rxh4 Be2 40. b7 Rxa7 41. Rxa7 1-0

[Event "World Blitz Women 2023"]
[Site "Samarkand UZB"]
[Date "2023.12.30"]
[Round "13.28"]
[White "Zaksaite, Salomeja"]
[Black "Guichard, Pauline"]
[Result "0-1"]
[WhiteElo "2065"]
[BlackElo "2281"]
[EventDate "2023.12.29"]

1. d4 Nf6 2. e3 d5 3. Bd3 c5 4. c3 e6 5. Nd2 b6 6. f4 Bb7 7. Ngf3 Nbd7 8.
O-O Be7 9. Ne5 O-O 10. Qf3 a6 11. g4 b5 12. g5 Nxe5 13. dxe5 Ne4 14. Nxe4
dxe4 15. Bxe4 Bxe4 16. Qxe4 c4 17. Qg2 Bc5 18. Kh1 Qd3 19. e4 Rad8 20. f5
Rfe8 21. f6 g6 22. Bf4 a5 23. a3 Rd7 24. Rae1 Rdd8 25. Rf3 Qd7 26. Rh3 b4
27. axb4 axb4 28. Qg3 bxc3 29. bxc3 Bf8 30. Qh4 h5 31. gxh6 Kh7 32. Qf2 Qa4
33. Qe2 Rd7 34. Rg3 Red8 35. Rgg1 Rd3 36. Rb1 Rxc3 37. Rb7 Rd7 38. Rxd7
Qxd7 39. Qb2 Rd3 40. Qb8 Qd8 41. Qb7 Rd7 42. Qb5 Rd4 43. Qb7 Qd7 44. Qxd7
Rxd7 45. Rc1 Rd4 46. Kg2 Rxe4 47. Kf3 Rxf4+ 48. Ke3 Bxh6 0-1

[Event "World Blitz Women 2023"]
[Site "Samarkand UZB"]
[Date "2023.12.30"]
[Round "13.29"]
[White "Hajiyeva, Laman"]
[Black "Strutinskaia, Galina"]
[Result "1-0"]
[WhiteElo "2076"]
[BlackElo "2174"]
[EventDate "2023.12.29"]

1. e4 c5 2. Nf3 Nc6 3. Bb5 e6 4. O-O Nge7 5. Re1 Ng6 6. c3 Be7 7. d4 a6 8.
Bf1 d5 9. e5 O-O 10. Bd3 cxd4 11. cxd4 Nb4 12. Bxg6 fxg6 13. Nc3 b5 14. a3
Nc6 15. Be3 Na5 16. Nd2 Bd7 17. b4 Nc4 18. Nxc4 bxc4 19. Rb1 a5 20. Qc1
axb4 21. axb4 Qb6 22. b5 Ra3 23. Qc2 Rfa8 24. g3 g5 25. f4 Be8 26. f5 Bh5
27. h3 Bf3 28. Rf1 Rxc3 29. Qxc3 Ra3 30. Qd2 Be4 31. Ra1 Bxf5 32. g4 Bd3
33. Rxa3 Bxa3 34. Ra1 Bf8 35. Qb2 h6 36. Ra6 Qb7 37. Rxe6 Qf7 38. Ra6 Qf1+
39. Kh2 Be4 40. Ra1 Qf3 41. Re1 h5 42. Qf2 hxg4 43. Qxf3 gxf3 44. b6 c3 45.
b7 Kh7 46. b8=Q Ba3 47. Qe8 c2 48. Qf7 Bg6 49. Qxf3 1-0

[Event "World Blitz Women 2023"]
[Site "Samarkand UZB"]
[Date "2023.12.30"]
[Round "13.30"]
[White "Aktamova, Zilola"]
[Black "Yan, Tianqi"]
[Result "0-1"]
[WhiteElo "1671"]
[BlackElo "2086"]
[EventDate "2023.12.29"]

1. e4 c5 2. Nf3 a6 3. d4 cxd4 4. Nxd4 Nf6 5. Nc3 e5 6. Nb3 Bb4 7. Bd3 O-O
8. Bd2 d6 9. O-O Bxc3 10. Bxc3 Nc6 11. Qd2 Be6 12. Rfe1 b5 13. Rad1 Qb6 14.
Ba5 Nxa5 15. Qxa5 Qb7 16. Qb4 Rfd8 17. Rd2 Qb6 18. Bf1 d5 19. exd5 Nxd5 20.
Qc5 Qxc5 21. Nxc5 Nb4 22. Red1 Rxd2 23. Rxd2 Bxa2 24. c3 Nc6 25. b3 Bb1 26.
Rd6 Na5 27. b4 Nc4 28. Bxc4 bxc4 29. Nxa6 Kf8 30. h3 Ke7 31. Rb6 Be4 32.
Kh2 Rd8 33. Nc5 Bg6 34. Kg3 Rd2 35. Rb7+ Ke8 36. Rb8+ Ke7 37. Rb7+ Kf6 38.
Rb6+ Kg5 39. h4+ Kh5 40. b5 Rc2 41. Na4 Ra2 42. Ra6 Ra3 43. b6 Be4 44. f3
Bc6 45. Ra7 Bxa4 46. b7 Rb3 47. Rxa4 Rxb7 48. Rxc4 f5 49. Kh3 Kg6 50. Rc6+
Kf7 51. Rc5 Ke6 52. Rc6+ Kd5 53. Rc8 e4 54. Rd8+ Ke5 55. Re8+ Kf4 56. fxe4
fxe4 57. c4 Rc7 58. Rf8+ Ke3 59. Kg3 Ke2 60. Rf2+ Kd3 61. Rf4 e3 62. Kf3
Re7 63. Rf8 e2 64. Rd8+ Kxc4 0-1

[Event "World Blitz Women 2023"]
[Site "Samarkand UZB"]
[Date "2023.12.30"]
[Round "13.31"]
[White "Ovezdurdyyeva, Jemal"]
[Black "Karimova, Guldona"]
[Result "1-0"]
[WhiteElo "2086"]
[BlackElo "1547"]
[EventDate "2023.12.29"]

1. d4 Nf6 2. c4 c5 3. d5 e6 4. Nc3 exd5 5. cxd5 d6 6. h3 g6 7. Nf3 Bg7 8.
Bf4 a6 9. a4 O-O 10. e3 Re8 11. Nd2 Qc7 12. Nc4 Rd8 13. a5 Ne8 14. Nb6 Ra7
15. Be2 Nd7 16. Nca4 Ne5 17. O-O Bd7 18. Nc3 h6 19. Rc1 g5 20. Bg3 Bf5 21.
b4 c4 22. Nca4 Bd7 23. Bxc4 Bxa4 24. Qxa4 Qe7 25. Be2 f5 26. Nc8 Rxc8 27.
Rxc8 Kf7 28. Bh5+ Ng6 29. Rxe8 Qc7 30. Re6 Bf6 31. Bxd6 Qd8 32. Bxg6+ Kxg6
33. Be7 1-0

[Event "World Blitz Women 2023"]
[Site "Samarkand UZB"]
[Date "2023.12.30"]
[Round "13.32"]
[White "Naisanga, Sheba Valentine"]
[Black "Shohradova, Lala"]
[Result "0-1"]
[WhiteElo "1358"]
[BlackElo "1983"]
[EventDate "2023.12.29"]

1. d4 Nf6 2. c4 c5 3. d5 b5 4. b3 bxc4 5. bxc4 g6 6. Bb2 Bg7 7. Qc2 O-O 8.
Nf3 d6 9. Nbd2 Na6 10. a3 Rb8 11. Rb1 Qa5 12. e3 Bd7 13. Bd3 Rb7 14. O-O
Rfb8 15. Bxf6 Bxf6 16. Rxb7 Rxb7 17. Rb1 Rxb1+ 18. Qxb1 Qxa3 19. Ne4 Nb4
20. Nxf6+ exf6 21. Bf1 a5 22. Nd2 a4 23. h3 Qc3 24. Qd1 a3 25. Nb3 a2 26.
Na1 Bf5 27. Qb3 Qxa1 28. Qd3 0-1

[Event "World Blitz Women 2023"]
[Site "Samarkand UZB"]
[Date "2023.12.30"]
[Round "13.33"]
[White "Khamrakulova, Iroda"]
[Black "Nadirjanova, Nodira"]
[Result "0-1"]
[WhiteElo "2132"]
[BlackElo "2164"]
[EventDate "2023.12.29"]

1. e4 e6 2. d4 d5 3. exd5 exd5 4. Nf3 Bd6 5. Bd3 Bg4 6. h3 Bh5 7. O-O Ne7
8. c3 Nbc6 9. Nbd2 Qd7 10. Qc2 Bg6 11. Nb3 O-O 12. Bd2 b6 13. Rae1 f6 14.
Nh4 Bxd3 15. Qxd3 a5 16. Nc1 a4 17. Ne2 Na5 18. Ng3 Nc4 19. Bc1 Bxg3 20.
fxg3 Nd6 21. g4 Ne4 22. Nf5 Nxf5 23. Rxf5 b5 24. b3 axb3 25. axb3 c6 26. c4
bxc4 27. bxc4 Nd6 28. Rf3 Nxc4 29. Ref1 Qe6 30. Rf5 Rae8 31. R5f2 Qe4 32.
Qd1 Qg6 33. Qa4 Re6 34. Qd1 Rfe8 35. Qf3 Qe4 36. Qb3 Qxd4 37. Kh1 Re1 0-1

[Event "World Blitz Women 2023"]
[Site "Samarkand UZB"]
[Date "2023.12.30"]
[Round "13.34"]
[White "Khamrakulova, Shakhnoza"]
[Black "Malikova, Marjona"]
[Result "1/2-1/2"]
[WhiteElo "2086"]
[BlackElo "1730"]
[EventDate "2023.12.29"]

1. e4 c6 2. d4 d5 3. e5 c5 4. c3 e6 5. Nf3 Nc6 6. Bd3 Qb6 7. O-O Bd7 8. Bc2
Nge7 9. b3 Ng6 10. Bxg6 hxg6 11. Bb2 a5 12. Na3 c4 13. Nd2 Be7 14. Qc2 cxb3
15. axb3 Rc8 16. Qd3 O-O 17. Nc2 Qc7 18. Ne3 Na7 19. c4 dxc4 20. bxc4 b5
21. Bc3 b4 22. Bb2 a4 23. d5 Bc5 24. d6 Qb6 25. Ne4 a3 26. Nxc5 Rxc5 27.
Bd4 Qc6 28. Bxc5 Qxc5 29. Rfb1 Nc6 30. Nc2 Rb8 31. Nxa3 bxa3 32. Rxb8+ Nxb8
33. Rxa3 Nc6 34. h3 Nxe5 35. Qc3 Qxd6 36. Ra8+ Kh7 37. f4 Qc5+ 38. Kh2 Nc6
39. Qg3 Qh5 40. Qd3 Qf5 41. Qxd7 Qxf4+ 42. Kh1 Qf1+ 1/2-1/2

[Event "World Blitz Women 2023"]
[Site "Samarkand UZB"]
[Date "2023.12.30"]
[Round "14.1"]
[White "Gunina, Valentina"]
[Black "Koneru, Humpy"]
[Result "1/2-1/2"]
[WhiteElo "2348"]
[BlackElo "2452"]
[EventDate "2023.12.29"]

1. d4 e6 2. c4 f5 3. Nf3 Nf6 4. g3 Be7 5. Bg2 d5 6. O-O Ne4 7. b3 Nc6 8.
Bb2 h5 9. h4 g5 10. hxg5 Bxg5 11. Nxg5 Qxg5 12. Qc1 Qg7 13. Qf4 h4 14. gxh4
Bd7 15. f3 Rg8 16. Qh2 Ng3 17. Re1 Nxd4 18. Kf2 e5 19. Nc3 Nc2 20. Nxd5
O-O-O 21. f4 Nxe1 22. Bxe5 Qf7 23. Rxe1 Bc6 24. Qh3 Bxd5 25. Bxd5 Rxd5 26.
cxd5 Ne4+ 27. Kf3 Rg3+ 28. Qxg3 Nxg3 29. Kxg3 Qxd5 30. h5 Qg8+ 31. Kf2 Qh7
32. Rh1 Qh6 33. e3 a5 34. a4 b6 35. Rh2 c5 36. Rh1 Kb7 37. Ke2 Kc6 38. Kf2
b5 39. axb5+ Kxb5 40. Bc3 a4 41. bxa4+ Kxa4 42. Be5 Kb3 43. Ke2 Kc2 44. Rh2
c4 45. Kf3+ Kd3 46. Ra2 Qxh5+ 47. Kg2 Qg4+ 48. Kf2 Qh4+ 49. Kg2 Kxe3 50.
Ra3+ Ke4 51. Rc3 Kd5 52. Ra3 Qe1 53. Rc3 Qe2+ 54. Kg3 Kc5 55. Rf3 Kb4 56.
Bd6+ Kb5 57. Be5 Qe1+ 58. Kg2 Kc5 59. Bc3 Qe2+ 60. Kg3 Kd5 61. Be5 Qc2 62.
Rc3 Qd1 63. Rf3 Kc6 64. Rc3 Kb5 65. Rf3 Kb4 66. Bc3+ Ka4 67. Be5 Qe1+ 68.
Kg2 Kb4 69. Rg3 Qe2+ 70. Kh3 Kc5 71. Kh4 Kd5 72. Kg5 Ke4 73. Rc3 Qg4+ 74.
Kf6 Qe2 75. Ke6 Qa2 76. Kf6 Qa6+ 77. Kg5 Qb5 78. Rc1 Kd3 79. Kxf5 Kd2 80.
Rc3 Qb1+ 81. Ke6 Qb6+ 82. Kd5 Qb5+ 83. Kd4 Ke2 84. Rxc4 Kf3 85. Rc3+ Kg4
86. Ke4 Qb4+ 87. Kd5 Qb5+ 88. Ke6 Qe8+ 89. Kd6 Qd8+ 90. Kc6 Qc8+ 91. Kd5
Qb7+ 92. Kd4 Qb6+ 93. Kd3 Qb5+ 94. Ke4 Qb4+ 95. Ke3 Qb6+ 96. Bd4 Qe6+ 97.
Be5 Qb6+ 98. Kd2 Qb2+ 99. Kd3 Qb5+ 100. Rc4 Qb3+ 101. Kd4 Qb6+ 102. Kc3
Qe3+ 103. Kc2 Qe2+ 104. Kb3 Qd3+ 105. Kb4 Qd2+ 106. Kb5 Qd5+ 107. Kb4 Qd2+
108. Bc3 Qd6+ 109. Kb3 Qb6+ 110. Rb4 Qe6+ 111. Kb2 Qe2+ 112. Ka3 Qa6+ 113.
Ra4 Qxa4+ 114. Kxa4 Kxf4 1/2-1/2

[Event "World Blitz Women 2023"]
[Site "Samarkand UZB"]
[Date "2023.12.30"]
[Round "14.2"]
[White "Kosteniuk, Alexandra"]
[Black "Munkhzul, Turmunkh"]
[Result "1-0"]
[WhiteElo "2455"]
[BlackElo "2211"]
[EventDate "2023.12.29"]

1. e4 c5 2. d4 cxd4 3. Qxd4 Nc6 4. Qd3 Nf6 5. Nc3 d6 6. Nf3 e5 7. Bg5 Be6
8. O-O-O a6 9. Nd5 Bxd5 10. exd5 Nb8 11. Qb3 Qc7 12. Bxf6 gxf6 13. Nh4 Nd7
14. Nf5 Rg8 15. h4 Rc8 16. Kb1 Nc5 17. Qe3 Rg4 18. c4 Re4 19. Qa3 Rf4 20.
Ng3 Rxf2 21. Qe3 Rf4 22. Nh5 Bh6 23. Nxf4 Bxf4 24. Qe2 Qb6 25. Rh3 Ke7 26.
g3 Bh6 27. g4 Bf4 28. Rf3 Kf8 29. Qc2 Kg7 30. g5 fxg5 31. hxg5 Qd8 32. Rh3
e4 33. Qc3+ Be5 34. Qd2 Qd7 35. Bg2 Qf5 36. Rdh1 e3+ 37. Qc2 Qxc2+ 38. Kxc2
Kg6 39. Rxe3 a5 40. Reh3 Rh8 41. Bf3 Kg7 42. Bg4 h5 43. gxh6+ Kg6 44. Bh5+
Kh7 45. Bxf7 Rf8 46. Rf3 1-0

[Event "World Blitz Women 2023"]
[Site "Samarkand UZB"]
[Date "2023.12.30"]
[Round "14.3"]
[White "Garifullina, Leya"]
[Black "Assaubayeva, Bibisara"]
[Result "1/2-1/2"]
[WhiteElo "2216"]
[BlackElo "2476"]
[EventDate "2023.12.29"]

1. e4 e5 2. Nf3 Nc6 3. Bb5 a6 4. Ba4 d6 5. O-O Bd7 6. d4 b5 7. Bb3 Nxd4 8.
Nxd4 exd4 9. c3 dxc3 10. Qh5 g6 11. Qd5 Be6 12. Qc6+ Bd7 13. Qxc3 Qf6 14.
Qxc7 Rc8 15. Qa7 Bg7 16. Nc3 Ne7 17. Be3 Bc6 18. Nd5 Bxd5 19. Bxd5 Nxd5 20.
exd5 O-O 21. Qxa6 Qxb2 22. Rab1 Qe2 23. Qxd6 Qxa2 24. Rxb5 Rfd8 25. Qb4
Rxd5 1/2-1/2

[Event "World Blitz Women 2023"]
[Site "Samarkand UZB"]
[Date "2023.12.30"]
[Round "14.4"]
[White "Muzychuk, Anna"]
[Black "Stefanova, Antoaneta"]
[Result "1/2-1/2"]
[WhiteElo "2447"]
[BlackElo "2398"]
[EventDate "2023.12.29"]

1. e4 e5 2. Nf3 Nc6 3. Bc4 Nf6 4. Ng5 d5 5. exd5 Na5 6. Bb5+ c6 7. dxc6
bxc6 8. Bd3 Nd5 9. Nf3 Nf4 10. Bf1 e4 11. d3 exf3 12. Bxf4 Qd4 13. Qxf3
Qxb2 14. Qe2+ Be6 15. Qe5 Qxc2 16. Qxa5 Bc5 17. Qd2 Qa4 18. Be5 O-O 19. Be2
Rfe8 20. Nc3 Qa5 21. O-O Bb4 22. a3 Bf8 23. d4 f6 24. Bg3 Rad8 25. Rfd1 Bc5
26. Ne4 Qxd2 27. Rxd2 Bxd4 28. Rad1 Bb3 29. Rb1 Rxe4 30. Rxb3 Bxf2+ 31.
Bxf2 Rxd2 32. Bf3 Rc4 33. g4 Rc1+ 34. Kg2 Rcc2 35. Rb8+ Kf7 36. Rb7+ Kf8
37. Rb8+ Ke7 38. Rb7+ Kd6 39. Rxg7 Rxf2+ 40. Kg3 Rxh2 41. Rxa7 c5 42. Ra6+
Ke5 43. Ra7 h6 44. a4 Kd4 45. a5 Ra2 46. a6 Rhb2 47. Rd7+ Ke5 48. a7 c4 49.
a8=Q Rxa8 50. Bxa8 c3 1/2-1/2

[Event "World Blitz Women 2023"]
[Site "Samarkand UZB"]
[Date "2023.12.30"]
[Round "14.5"]
[White "Wagner, Dinara"]
[Black "Dronavalli, Harika"]
[Result "1-0"]
[WhiteElo "2350"]
[BlackElo "2420"]
[EventDate "2023.12.29"]

1. d4 g6 2. c4 Bg7 3. Nf3 d6 4. Nc3 e5 5. dxe5 dxe5 6. Qxd8+ Kxd8 7. g3 c6
8. Bg2 h6 9. Be3 Be6 10. Rd1+ Nd7 11. O-O Ne7 12. b3 Nf5 13. Bc1 Kc7 14.
Ne4 Rad8 15. Ba3 Bf8 16. Bb2 f6 17. Nxf6 Nxf6 18. Bxe5+ Kc8 19. Rxd8+ 1-0

[Event "World Blitz Women 2023"]
[Site "Samarkand UZB"]
[Date "2023.12.30"]
[Round "14.6"]
[White "Lagno, Kateryna"]
[Black "Muzychuk, Mariya"]
[Result "1-0"]
[WhiteElo "2522"]
[BlackElo "2443"]
[EventDate "2023.12.29"]

1. e4 c5 2. Nf3 e6 3. d4 cxd4 4. Nxd4 Nf6 5. Nc3 Nc6 6. a3 d5 7. Bb5 Bd7 8.
exd5 exd5 9. O-O Be7 10. Ba4 O-O 11. Be3 Re8 12. Bb3 Bg4 13. Qd2 Ne4 14.
Nxe4 dxe4 15. h3 Nxd4 16. Qxd4 Qxd4 17. Bxd4 Bf5 18. Rad1 Red8 19. g4 Bg6
20. Rfe1 b6 21. c3 Bc5 22. Bxc5 bxc5 23. Bd5 Rab8 24. b4 cxb4 25. axb4 h5
26. Rd4 hxg4 27. hxg4 Rd7 28. Kf1 Kf8 29. Ke2 f6 30. Ke3 Rb5 31. Bxe4 Rxd4
32. Kxd4 Bxe4 33. Rxe4 a5 34. Kc4 1-0

[Event "World Blitz Women 2023"]
[Site "Samarkand UZB"]
[Date "2023.12.30"]
[Round "14.7"]
[White "Tan, Zhongyi"]
[Black "Zhu, Jiner"]
[Result "0-1"]
[WhiteElo "2519"]
[BlackElo "2384"]
[EventDate "2023.12.29"]

1. d4 Nf6 2. c4 g6 3. Nc3 Bg7 4. g3 d5 5. cxd5 Nxd5 6. Bg2 Nxc3 7. bxc3 O-O
8. Ba3 Nc6 9. Nf3 Re8 10. O-O e5 11. e3 Be6 12. Qc2 Rb8 13. Rad1 exd4 14.
Nxd4 Nxd4 15. cxd4 c6 16. Bb4 Qb6 17. a3 Qb5 18. Rfe1 a5 19. Bf1 Qh5 20.
Bc5 Bg4 21. Rb1 Bf3 22. Bg2 b5 23. Rec1 a4 24. Bd6 Bxg2 25. Bxb8 Bf3 26. h4
Qg4 27. Kh2 Rxb8 28. Qc5 Bd5 29. Qd6 Re8 30. Rb2 Qf3 31. Rg1 h5 32. Qd7 Re6
33. Qd8+ Kh7 34. Qg5 Bh6 35. Qd8 Re4 36. Rc2 Bg7 37. Rd2 Bf6 38. Qd6 Bxh4
39. Rc2 Be7 40. Qd7 Be6 41. Qxe7 Bb3 0-1

[Event "World Blitz Women 2023"]
[Site "Samarkand UZB"]
[Date "2023.12.30"]
[Round "14.8"]
[White "Kamalidenova, Meruert"]
[Black "Goryachkina, Aleksandra"]
[Result "1/2-1/2"]
[WhiteElo "2314"]
[BlackElo "2475"]
[EventDate "2023.12.29"]

1. e4 c5 2. Nf3 e6 3. d4 cxd4 4. Nxd4 Nc6 5. Nc3 Bc5 6. Nb3 Bb4 7. Be2 Nge7
8. O-O O-O 9. Bd2 f5 10. exf5 Nxf5 11. Ne4 Be7 12. Bc3 d5 13. Ng3 e5 14.
Bg4 Nxg3 15. hxg3 Qd6 16. a4 Bxg4 17. Qxg4 Rad8 18. Rad1 Kh8 19. f4 Bf6 20.
fxe5 Bxe5 21. Rxf8+ Rxf8 22. Qg5 h6 23. Qg4 Bxc3 24. bxc3 Qe5 25. Nd4 Qe3+
26. Kh1 Qxc3 27. Ne6 Re8 28. Nf4 Qxc2 29. Rxd5 Kh7 30. Rd1 Ne5 31. Qh5 g6
32. Qe2 Qxe2 33. Nxe2 Re7 34. Nf4 Ng4 35. Kg1 h5 36. Rc1 Rd7 37. Kf1 b6 38.
Ke2 Re7+ 39. Kd2 Ne5 40. Rf1 Kh6 41. Kc3 Rd7 42. Re1 Rc7+ 43. Kd4 Nc6+ 44.
Kd5 Nb4+ 45. Kd6 Rc2 46. Kd7 Rd2+ 47. Ke8 Nd5 48. Ne6 Rxg2 49. Rf1 Re2 50.
Kd7 g5 51. Rf5 Rd2 52. Ke8 g4 53. Kf7 h4 54. Ng7 Nf6 55. Rxf6+ Kh7 56. Rf5
Rd7+ 57. Kf6 Rxg7 58. Rh5+ Kg8 59. Rxh4 Rf7+ 60. Ke6 Rg7 61. Rh5 a6 62. Rd5
Rb7 63. Rg5+ Kf8 64. Rxg4 b5 65. axb5 axb5 66. Rb4 Kg7 67. g4 Kg6 1/2-1/2